00774 2200277 4500001002100000005001500021035002000036007000300056008004100059020002200100040002200122082001700144084001900161100003400180245004200214250002000256300004200276650002000318850001200338264003200350336002100382337003000403338002300433990002000456990002000476INLIS00000000087119120220720123745 a0010-0722000321ta220720s2021 yoia g f ind d a978-623-94476-6-3 aYOPDYOGbinderda04223a899.2213 a899.2213 ABI a0 aAbidah El Khalieqyepengarang10aAtas singgasana /cAbidah El Khalieqy aCetakan I, 2021 aix, 192 halaman :bilustrasi ;c21 cm 4aFiksi Indonesia aYOPDYOG31aSleman :bBuku Bijak,c2021 2rdacontentateks 2rdamediaatanpa perantara 2rdacarrieravolume a44227-PD/B.2022 a44228-PD/B.2022